| 000 | 00353nam a22001337a 4500 | ||
|---|---|---|---|
| 008 | 250306b |||||||| |||| 00| 0 eng d | ||
| 020 | _a9789391670528 | ||
| 050 |
_aSD387.55 _b.B43 |
||
| 100 | _aBhati Harish Pel | ||
| 245 | _aAgricultural Biotechnology Forentry and Product | ||
| 260 |
_aIndia _bAmiga Press Inc _c2022 |
||
| 300 | _avii,278p | ||
| 942 | _cBK | ||
| 999 |
_c2111 _d2111 |
||